Výskum a vývoj novej technológie sanácie odkalísk troskopopolovej zmesi z elektrárenských spaľovacích procesov
Enregistré dans:
| Auteur principal: | |
|---|---|
| Autres auteurs: | , , |
| Format: | Chapitre de livre |
| Langue: | slovaque |
| Tags: |
Pas de tags, Soyez le premier à ajouter un tag!
|
MARC
| LEADER | 00000naa$a2200000$$$4500 | ||
|---|---|---|---|
| 001 | 0201005 | ||
| 005 | 20240502073409.3 | ||
| 041 | 0 | |a slo | |
| 044 | |a SK | ||
| 245 | 1 | 0 | |a Výskum a vývoj novej technológie sanácie odkalísk troskopopolovej zmesi z elektrárenských spaľovacích procesov |c Martin Bosák, Milan Majerník, Petra Szaryszová, Lenka Štofová |
| 500 | |a Abstrakt | ||
| 100 | 1 | |a Bosák, Martin, 1967- | |
| 700 | 1 | |a Majerník, Milan, 1952- | |
| 700 | 1 | |a Szaryszová, Petra, 1984- | |
| 700 | 1 | |a Štofová, Lenka, 1989- | |